000
00316nam a22001337a 4500
008
170912b xxu||||| |||| 00| 0 eng d
020
_a
0316802212
041
_a
eng
080
_a
53
100
_a
43
101
_a
FIZ
245
_a
THE PHYSICISTS A GENERATION THAT CHANGED THE WORLD
_c
SNOW,C.P
942
_2
udc
_c
BK
999
_c
27263
_d
27263